000 00200nam a2200085Ia 4500
008 180219s9999 xx 000 0 und d
100 _aVerma B S
245 0 _aShaikshik Anusandhan Vidhiya
260 _aAgra Sahitya
260 _c2014
999 _c42762
_d42762